000 00359nam a22001217a 4500
040 _cHS
082 _a323
100 _aNA
245 _aសង្គមវិទ្យាជនបទ និងវិទ្យាសាស្ត្រសង្គមផ្សេងៗ rural sociology and social sciences
260 _aNA
_bNA
_cNA
300 _a131p;
942 _cKB
999 _c9065
_d9065